Zaragüeta (Record no. 125320)

MARC details
000 -LEADER
campo de control de longitud fija 00750nam a2200217 i 4500
001 - NÚMERO DE CONTROL
campo de control 125320
003 - IDENTIFICADOR DE NÚMERO DE CONTROL
campo de control ES-MaACL
005 - FECHA Y HORA DE LA ÚLTIMA TRANSACCIÓN
campo de control 20250715063113.0
007 - CAMPO FIJO DE DESCRIPCIÓN FÍSICA--INFORMACIÓN GENERAL
campo de control de longitud fija t|
008 - DATOS DE LONGITUD FIJA--INFORMACIÓN GENERAL
campo de control de longitud fija 070601s1909 sp ||||1| spa d
080 ## - NÚMERO DE LA CLASIFICACIÓN DECIMAL UNIVERSAL
Número de la Clasificación Decimal Universal 821.134.2-22"19"
100 1# - ENTRADA PRINCIPAL--NOMBRE DE PERSONA
Nombre de persona Ramos Carrión, Miguel,
Fechas asociadas al nombre 1848-1915
9 (RLIN) 95293
245 10 - MENCIÓN DEL TÍTULO
Título Zaragüeta
Resto del título : comedia en dos actos y en prosa /
Mención de responsabilidad, etc. original de Miguel Ramos Carrión y Vital Aza.
250 ## - MENCION DE EDICION
Mención de edición 9ª ed.
260 ## - PUBLICACIÓN, DISTRIBUCIÓN, ETC.
Lugar de publicación, distribución, etc. Madrid :
Nombre del editor, distribuidor, etc. Sociedad de Autores Españoles,
Fecha de publicación, distribución, etc. 1909 (
Fabricante R.Velasco, impresor)
300 ## - DESCRIPCIÓN FÍSICA
Extensión 71 p. ;
Dimensiones 20 cm.
500 ## - NOTA GENERAL
Nota general Estrenada en el teatro Lara el 14 de Febrero de 1894.
700 1# - ENTRADA AGREGADA--NOMBRE PERSONAL
Nombre de persona Aza, Vital,
Fechas asociadas al nombre 1851-1912
9 (RLIN) 24210
852 ## - LOCALIZACIÓN
Ubicación ES-MaACL
Número de control de estantería 2231-F-26
Sublocalización o colección R.142448
Holdings
Estatus retirado Estado de pérdida Estado de daño No para préstamo Colección Biblioteca de origen Biblioteca actual Ubicación en estantería Fecha de adquisición Fuente de adquisición Total de préstamos Signatura topográfica completa Código de barras Visto por última vez Precio de reemplazo Tipo de ítem Koha
        Colección de folletos Biblioteca del Ateneo de Madrid Biblioteca del Ateneo de Madrid Depósito folletos 17/01/2008     2231-F-26 1130554 23/02/2023 23/02/2023 Folleto